Countries by Largest and Smallest Areas and Population Quiz - Statistics

General Stats
  • This quiz has been taken 31 times
  • The average score is 43 of 64
Answer Stats
Question Tile Select % Correct
The 8 Largest Countries (by area) Algeria No
96%
The 8 Largest Countries (by area) Russia Yes
96%
The 8 Largest Countries (by area) Sudan No
96%
The 8 Largest Countries (by area) Canada Yes
91%
The 8 Largest Countries (by area) DRC No
91%
The 8 Largest Countries (by area) Saudi Arabia No
91%
The 8 Largest Countries (by area) Brazil Yes
87%
The 8 Largest Countries (by area) China Yes
87%
The 8 Smallest Countries (by area) Fiji No
87%
The 8 Largest Countries (by area) USA Yes
87%
The 8 Smallest Countries (by area) Vatican City Yes
87%
The 8 Largest Countries (by area) Australia Yes
83%
The 8 Most Populous Countries DRC No
83%
The 8 Most Populous Countries Ethiopia No
83%
The 8 Smallest Countries (by area) Kiribati No
83%
The 8 Largest Countries (by area) Mexico No
83%
The 8 Most Populous Countries Mexico No
83%
The 8 Smallest Countries (by area) Micronesia No
83%
The 8 Most Populous Countries France No
78%
The 8 Most Populous Countries Germany No
78%
The 8 Largest Countries (by area) Indonesia No
78%
The 8 Smallest Countries (by area) Samoa No
78%
The 8 Most Populous Countries China Yes
74%
The 8 Most Populous Countries India Yes
74%
The 8 Smallest Countries (by area) Monaco Yes
74%
The 8 Most Populous Countries Philippines No
74%
The 8 Smallest Countries (by area) San Marino Yes
74%
The 8 Least Populous Countries Vatican City Yes
74%
The 8 Smallest Countries (by area) Grenada No
70%
The 8 Largest Countries (by area) India Yes
70%
The 8 Smallest Countries (by area) Maldives No
70%
The 8 Least Populous Countries Nauru Yes
70%
The 8 Most Populous Countries USA Yes
70%
The 8 Most Populous Countries Indonesia Yes
65%
The 8 Most Populous Countries Japan No
65%
The 8 Largest Countries (by area) Kazakhstan No
65%
The 8 Least Populous Countries Kiribati No
65%
The 8 Least Populous Countries Micronesia No
65%
The 8 Least Populous Countries Monaco Yes
65%
The 8 Least Populous Countries Tonga No
65%
The 8 Least Populous Countries Tuvalu Yes
65%
The 8 Smallest Countries (by area) Vanuatu No
65%
The 8 Least Populous Countries Andorra No
61%
The 8 Least Populous Countries Antigua and Barbuda No
61%
The 8 Smallest Countries (by area) Nauru Yes
61%
The 8 Most Populous Countries Pakistan Yes
61%
The 8 Smallest Countries (by area) Palau No
61%
The 8 Least Populous Countries San Marino Yes
61%
The 8 Largest Countries (by area) Denmark (including Greenland) No
57%
The 8 Least Populous Countries Dominica No
57%
The 8 Smallest Countries (by area) Liechtenstein Yes
57%
The 8 Most Populous Countries Nigeria Yes
57%
The 8 Most Populous Countries Bangladesh Yes
52%
The 8 Most Populous Countries Brazil Yes
52%
The 8 Least Populous Countries Liechtenstein Yes
48%
The 8 Least Populous Countries Marshall Islands No
48%
The 8 Least Populous Countries Seychelles No
48%
The 8 Smallest Countries (by area) Tuvalu Yes
48%
The 8 Largest Countries (by area) Argentina Yes
43%
The 8 Most Populous Countries Russia No
43%
The 8 Least Populous Countries Palau Yes
39%
The 8 Smallest Countries (by area) Marshall Islands Yes
35%
The 8 Smallest Countries (by area) Saint Kitts and Nevis Yes
22%
The 8 Least Populous Countries Saint Kitts and Nevis Yes
13%
No matching quizzes found
Score Distribution
Percent of People with Each Score
Percentile by Number Answered
Your Score History
You have not taken this quiz